01405namaa22002411 4500001000700000003000900007005001700016007000300033008004100036040003700077080001300114100002800127245017400155260006100329300002900390490006200419500014400481500019300625500001900818700003900837830006000876852022700936173864ES-MaACL20250824090224.0t|100127s1858 sp |r |||| | spa d aSpMaBN bspa cA2 dSpMaBN erdc a78.089.10 aCamprodón, Francisco.10aPor conquista b: zarzuela en un acto y en verso / carreglada a la escena española por Don Francisco Camprodón ; música del maestro Don Francisco Asenjo Barbieri. aMadrid : b[s.n.], c1858 (fImp. de José Rodríguez) a42 p., [1] h. ; c20 cm.1 aEl teatro : colección de obras dramáticas y líricas aDed.: "Al Exmo. Sr. D. Juan Zabala, conde de Paredes de Nava, teniente general de los Ejércitos Nacionales, etc., etc..., F. Camprodón" aEn las páginas 2-4 de la cubierta: "Catálogo de las obras dramáticas y líricas de la galería El teatro; Zarzuelas; puntos de venta y comisionados principales: provincias, Madrid" aSolo la letra.1 aBarbieri, Francisco A.,d1823-189403aEl teatro: colección de obras dramática y líricas aES-MaACLjF-8623(2) z.- Enc. pasta española q.- Falto de la cub. originalz.- Enc. en un vol. facticio formando parte de la col. facticia "Teatro español moderno", vol. 78 z.-- Firma ms. de Gustavo Saenz Diez, 1877